| 000 | 00468nam a2200169Ia 4500 | ||
|---|---|---|---|
| 005 | 20240627115145.0 | ||
| 008 | 240126s9999 xx 000 0 und d | ||
| 020 | _a9789381893029 | ||
| 082 | _a621.312 KHA;1 R | ||
| 100 | _aKhadpekar, Nirmala Rao ed. | ||
| 245 | 0 | _aWind power : alternative energy source | |
| 260 |
_bIcfai university Press _aAgartala _c2012 |
||
| 300 | _axii, 266 | ||
| 440 | _aNULL | ||
| 650 | _aWind,alternative,energy,source | ||
| 942 | _cPU | ||
| 999 |
_c273629 _d273629 |
||